01001nam a2200265 a 4500999001500000001000600015003000900021005001700030008004100047020001800088040003800106082002000144100002000164245008800184260003600272300003200308490014800340650003700488650002400525651002200549700001700571700001700588942001200605952011800617 c3977d397718532BD-DhUAP20200316101153.0200316s2006 enk 000 1 eng  a9780141441443 aBD-DhAALcBD-DhAALbEngdBD-DhUAP00a823.912 LAW2231 aLawrence, D. H.10aSons and lovers /cD.H. Lawrence ; edited with notes by Helen Baron and Carl Baron. aLondon :bPenguin books,cc2006 axxviii, 492 pages ;c20 cm.0 aPenguin classics  0aWorking class familiesxFiction. 0aYoung menxFiction. 0aEnglandxFiction.1 aBaron, Helen1 aBaron, Carl. 2ddccBK 00102ddc4070aUAPCLbUAPCLcGeneral Stacksd2020-03-16o823.912 LAWp3010018532r2020-03-16t1w2020-03-16yBK